Statistics for Mario Characters Quiz

Click here to take the quiz!

General Stats

  • This quiz has been taken 57,487 times
    (22,620 since last reset)
  • The average score is 16 of 21

Answer Stats

Clue Character % Correct
The red plumberMario
100%
The green plumberLuigi
99%
Mushroom Kingdom princessPeach
96%
Barrel-rolling gorillaDonkey Kong
94%
Ridable dinosaurYoshi
93%
Loyal attendant of the above;
He wears a mushroom hat
Toad
91%
The main bad guy;
Also know as King Koopa
Bowser
91%
Baddie with a W on his hatWario
87%
Brother of the above?Waluigi
79%
Generic turtle enemyKoopa Troopa
79%
Generic ghost enemyBoo
76%
Sidekick of the aboveDiddy Kong
75%
Sarasaland princessDaisy
74%
Bullet shaped enemyBullet {Bill}
66%
Mushroom enemyGoomba
64%
Ball-and-chain enemyChain Chomp
57%
Skeleton enemy that can
reanimate
Dry Bones
54%
Enemy that comes up from a tube{Piranha} Plant
53%
Pink, egg-shooting dinosaurBirdo
48%
Cloud-riding enemyLakitu
44%
Big block that can fall and crushThwomp
43%

Score Distribution

Percentile by Number Answered

Percent of People with Each Score

Your Score History

You have not taken this quiz since the last reset